Normal view MARC view
  • Mari, Iela

Entry Nombre Personal

Number of records used in: 3

001 - NUMERO DE CONTROL

  • campo de control: 36625

003 - IDENTIFICADOR DE NUMERO DE CONTROL

  • campo de control: UPN

005 - FECHA Y HORA DE LA ÜLTIMA TRANSACCIÓN

  • campo de control: 20210219194516.0

008 - DATOS DE LONGITUD FIJA

  • campo de control de longitud fija: nabaccnnaabn|||||||||| b |nc|||||d

035 ## - NUMERO DE CONTROL

  • Número de control: UPN11000008732

040 ## - FUENTE DE CATALOGACIÓN

  • Lenguaje de catalogación: SPA
  • Agencia de transcripción: UPN

100 1# - ENCABEZAMIENTO - NOMBRE PERSONAL

  • Nombre personal: Mari, Iela

670 ## - FUENTE EN LA QUE SE LOCALIZARON DATOS

  • Cita de la fuente: T
  • Información localizada: El globito rojo
  • Uniform Resource Identifier: https://books.google.com.mx/books?id=41wPQgAACAAJ&dq=Mari,+Iela&hl=es&sa=X&ei=Q0n2VLSoEc-NyATTgoLICA&ved=0CBsQ6AEwAA

902 ## - CATALOGADOR

  • Catalogador: EMR/030315